[Event "Monarch Assurance"]
[Site "?"]
[Date "2005.09.29"]
[Round "6.22"]
[White "Aagaard Jacob"]
[Black "Goletiani Rusudan"]
[Result "1/2-1/2"]
[WhiteElo "2442"]
[BlackElo "2332"]
[PlyCount "153"]
[EventDate "2005.??.??"]
[Source "www.chesslib.no"]
[SourceDate "2004.05.04"]

1. d4 Nf6 2. c4 e6 3. Nf3 c5 4. d5 d6 5. Nc3 exd5 6. cxd5 g6 7. Nd2 Bg7 8. e4 O-O 9. Be2 Re8 10. O-O b6 11. a4 Na6 12. f3 Nc7 13. Nc4 Ba6 14. Re1 Rb8 15. Rb1 Bxc4 16. Bxc4 a6 17. Qd3 b5 18. axb5 axb5 19. Bxb5 Nxb5 20. Nxb5 c4 21. Qxc4 Qb6+ 22. Nd4 Rbc8 23. Qd3 Nxd5 24. Rd1 Rxc1 25. Rdxc1 Nf4 26. Qd1 Bxd4+ 27. Kh1 Qb4 28. Rc2 Rb8 29. b3 Bc5 30. Qd2 Qxd2 31. Rxd2 Ne6 32. Rd5 Kf8 33. g3 Ke7 34. e5 dxe5 35. Rxe5 Kd6 36. Re4 Nd4 37. b4 Kd5 38. Kg2 Rxb4 39. Rxb4 Bxb4 40. Re8 h5 41. Rd8+ Bd6 42. Re8 Nf5 43. f4 Ne7 44. Kf3 Ke6 45. Ra8 Nd5 46. Ra6 Nf6 47. Rb6 Ng4 48. Kg2 Ke7 49. Rb7+ Kf8 50. Rd7 Bc5 51. Rc7 Bd4 52. Rd7 Bf6 53. Rb7 Kg7 54. Rd7 h4 55. Rb7 Nh6 56. Rb5 Be7 57. Rb7 Ng8 58. Rb5 f5 59. Rb7 Kh6 60. Kh3 hxg3 61. hxg3 g5 62. fxg5+ Kxg5 63. Kg2 Bf6 64. Kf3 Ne7 65. Rb8 Ng6 66. Rg8 Be5 67. Ra8 Bd6 68. Ra6 Ne5+ 69. Kg2 Be7 70. Ra7 Bf6 71. Ra6 Nc4 72. Ra4 Nd2 73. Ra2 Ne4 74. Kf3 Be5 75. Re2 Bxg3 76. Rxe4 fxe4+ 77. Kxe4 1/2-1/2

[Event "CAN Ch"]
[Site "Toronto CAN"]
[Date "1972.??.??"]
[Round "2"]
[White "Vranesic, Zvonko"]
[Black "Day, Lawrence A"]
[Result "1-0"]
[WhiteElo "2425"]
[BlackElo "2345"]
[PlyCount "123"]
[EventDate "1972.??.??"]
[Source "www.chesslib.no"]
[SourceDate "2004.05.04"]

1. d4 Nf6 2. c4 c5 3. d5 e6 4. Nc3 exd5 5. cxd5 d6 6. e4 g6 7. Nf3 Bg7 8. Be2 O-O 9. O-O Re8 10. Nd2 Na6 11. f3 Nc7 12. a4 Nd7 13. Nc4 Ne5 14. Ne3 f5 15. exf5 gxf5 16. f4 Ng6 17. Kh1 Bd4 18. Nc2 Bg7 19. Bd3 Qf6 20. Ne3 Bd7 21. Ne2 Qf7 22. Rb1 b5 23. axb5 Nxb5 24. b4 Rac8 25. bxc5 Rxc5 26. Nxf5 Bxf5 27. Rxb5 Qxd5 28. Rxc5 dxc5 29. Bxf5 Qxd1 30. Rxd1 Rxe2 31. Bd3 Re8 32. g3 Bd4 33. Kg2 Kg7 34. Bd2 Rb8 35. Rb1 Rxb1 36. Bxb1 Ne7 37. Be4 Nc8 38. Kf3 Nd6 39. Bd5 Kf6 40. g4 h6 41. h3 Nb5 42. f5 Nc3 43. Be6 Kg7 44. h4 a5 45. g5 hxg5 46. hxg5 a4 47. Bc4 Nb1 48. Bc1 a3 49. Kg4 Be5 50. Kh5 Bd4 51. Be3 Be5 52. Bxc5 Nd2 53. Bd5 Bb2 54. Be7 Ne4 55. Be6 Ng3+ 56. Kg4 Ne4 57. Kf4 Nf2 58. f6+ Kg6 59. Bf5+ Kh5 60. f7 Bg7 61. Bxa3 Nh3+ 62. Bxh3 1-0

[Event "Belgorod GMA-qual"]
[Site "Belgorod"]
[Date "1989.??.??"]
[Round "?"]
[White "Yailjan, M."]
[Black "Piesina, Gintautas"]
[Result "1-0"]
[WhiteElo "2325"]
[BlackElo "2430"]
[PlyCount "83"]
[EventDate "1989.??.??"]
[Source "www.chesslib.no"]
[SourceDate "2004.05.04"]

1. d4 Nf6 2. c4 e6 3. Nf3 c5 4. d5 exd5 5. cxd5 d6 6. Nc3 g6 7. Nd2 Bg7 8. e4 O-O 9. Be2 Re8 10. O-O Na6 11. a4 Nc7 12. f3 b6 13. Qc2 Rb8 14. Nc4 Ba6 15. Bg5 h6 16. Bh4 Qd7 17. Nxd6 Qxd6 18. Bg3 Qd7 19. d6 Ne6 20. Bxa6 Nd4 21. Qd3 Nh5 22. f4 Qxd6 23. e5 Qc6 24. Bb5 Nxb5 25. axb5 Qe6 26. Rfd1 Nxg3 27. hxg3 Rb7 28. Ne4 Rbe7 29. Qc2 Qg4 30. Rd6 h5 31. Ra3 Rc7 32. Nf2 Qc8 33. Qc4 Qf5 34. Ne4 Rce7 35. Rad3 Rf8 36. g4 hxg4 37. Ng3 Qc8 38. Rxg6 Re6 39. Rxg4 Rh6 40. f5 Rd8 41. Rxd8+ Qxd8 42. f6 1-0

[Event "EU Ch U20"]
[Site "Groningen NED"]
[Date "1982.??.??"]
[Round "4"]
[White "Ehlvest, Jaan"]
[Black "D'Amore, Carlo"]
[Result "1-0"]
[WhiteElo "2450"]
[BlackElo "2305"]
[PlyCount "103"]
[EventDate "1982.??.??"]
[Source "www.chesslib.no"]
[SourceDate "2004.05.04"]

1. d4 Nf6 2. c4 c5 3. d5 e6 4. Nc3 exd5 5. cxd5 d6 6. Nf3 g6 7. Nd2 Bg7 8. e4 O-O 9. Be2 Na6 10. O-O Nc7 11. a4 Re8 12. f3 b6 13. Nc4 Ba6 14. Bg5 Rb8 15. Qd2 Bxc4 16. Bxc4 a6 17. Bd3 b5 18. axb5 axb5 19. b4 Qd7 20. Ra7 cxb4 21. Ne2 Ra8 22. Rxa8 Rxa8 23. Qxb4 Ra4 24. Qb3 Qe8 25. Rc1 Qb8 26. Be3 Nd7 27. Qc2 Ra1 28. Rxa1 Bxa1 29. Nd4 Qa7 30. Qf2 Qa4 31. Nc6 b4 32. Qh4 Qd1+ 33. Bf1 Bf6 34. Qg4 Nf8 35. Qf4 Ne8 36. Nxb4 Nd7 37. Nc6 h5 38. Bf2 Ne5 39. Qe3 g5 40. Nxe5 dxe5 41. h4 gxh4 42. Qa3 Ng7 43. Qd6 Ne6 44. Qc6 Nf4 45. Qxf6 Ne2+ 46. Kh2 Qxf1 47. Qg5+ Kh7 48. Qxh5+ Kg8 49. Qg5+ Kh7 50. Qxh4+ Kg8 51. Qg5+ Kh7 52. Bc5 1-0

[Event "Novy Smokovec"]
[Site "Novy Smokovec"]
[Date "1971.??.??"]
[Round "10"]
[White "Balcerowski, Witold"]
[Black "Plachetka, Jan"]
[Result "1/2-1/2"]
[WhiteElo "2380"]
[BlackElo "2370"]
[PlyCount "117"]
[EventDate "1971.??.??"]
[Source "ChessBase"]

1. d4 Nf6 2. c4 e6 3. Nf3 c5 4. d5 exd5 5. cxd5 d6 6. Nc3 g6 7. e4 Bg7 8. Be2 O-O 9. O-O Re8 10. Nd2 Na6 11. f3 Nc7 12. a4 b6 13. Kh1 Rb8 14. Bb5 Rf8 15. Be2 a6 16. Nc4 b5 17. axb5 axb5 18. Na5 Bd7 19. Nc6 Bxc6 20. dxc6 Rb6 21. Nd5 Rxc6 22. Nxc7 Qxc7 23. Bxb5 Rb6 24. Bc4 Nd7 25. Ra2 Ne5 26. Bd5 Nc6 27. f4 Nb4 28. Ra3 Nxd5 29. Qxd5 Bxb2 30. Bxb2 Rxb2 31. Rd3 c4 32. Rc3 Rc8 33. h3 Qc5 34. Qxc5 Rxc5 35. Ra1 Rb3 36. Rac1 Rxc3 37. Rxc3 f5 38. Kg1 fxe4 39. Kf2 d5 40. Ke3 Rb5 41. Kd4 Rb3 42. Rc1 Rd3+ 43. Ke5 Kf7 44. Ra1 e3 45. Ra7+ Ke8 46. Kd6 d4 47. g4 Rb3 48. Ra8+ Kf7 49. Ra7+ Kf6 50. Kd5 Rb5+ 51. Kxd4 e2 52. Ra6+ Ke7 53. Ra1 Rb3 54. Re1 Rxh3 55. Rxe2+ Kf6 56. Rc2 Rg3 57. Rxc4 Rxg4 58. Ke4 h5 59. Rc6+ 1/2-1/2

[Event "Bundesliga 8889"]
[Site "GER"]
[Date "1989.??.??"]
[Round "?"]
[White "Sonntag, Hans-Hubert"]
[Black "Stein, Bernd"]
[Result "1/2-1/2"]
[WhiteElo "2375"]
[BlackElo "2375"]
[PlyCount "91"]
[EventDate "1988.10.??"]
[Source "www.chesslib.no"]
[SourceDate "2004.05.04"]

1. d4 Nf6 2. c4 c5 3. d5 e6 4. Nc3 exd5 5. cxd5 d6 6. e4 g6 7. Nf3 Bg7 8. Be2 O-O 9. O-O Re8 10. Nd2 Na6 11. f3 Nc7 12. a4 b6 13. Nc4 Ba6 14. Bg5 Qd7 15. Rb1 Rab8 16. Qd2 Bxc4 17. Bxc4 a6 18. b4 b5 19. axb5 axb5 20. Bd3 c4 21. Bc2 Ra8 22. Be3 Ra3 23. Bd4 Nh5 24. Bxg7 Kxg7 25. Ra1 Rea8 26. Rxa3 Rxa3 27. f4 f5 28. e5 Kg8 29. Bd1 Nxf4 30. Qxf4 Rxc3 31. exd6 Ne8 32. Re1 Nxd6 33. h3 Nf7 34. Bf3 Rd3 35. Re6 Qa7+ 36. Kh1 Qd4 37. Qc7 Rxf3 38. gxf3 Qxd5 39. Qc6 Qd1+ 40. Kg2 Qd2+ 41. Kf1 Qxb4 42. Qe8+ Kg7 43. Re7 Qb1+ 44. Kg2 Qb2+ 45. Re2 Qb3 46. Qd7 1/2-1/2

[Event "Corr"]
[Site "?"]
[Date "1997.12.29"]
[Round "?"]
[White "Bystrov Sergey Mikhailovich"]
[Black "Grigoryev Valery Borisovich ("]
[Result "1/2-1/2"]
[WhiteElo "2325"]
[BlackElo "2420"]
[PlyCount "87"]
[EventDate "1997.??.??"]
[Source "www.chesslib.no"]
[SourceDate "2004.05.04"]

1. d4 Nf6 2. c4 c5 3. d5 e6 4. Nc3 exd5 5. cxd5 d6 6. e4 g6 7. Nf3 Bg7 8. Be2 O-O 9. O-O Re8 10. Nd2 Na6 11. f3 Nc7 12. a4 b6 13. Nc4 Ba6 14. Bg5 h6 15. Be3 Bxc4 16. Bxc4 a6 17. Qd2 Kh7 18. Rab1 Rb8 19. b4 b5 20. Be2 c4 21. Bd4 Re7 22. a5 Qh8 23. Rbd1 Nce8 24. Rfe1 Nd7 25. Bxg7 Nxg7 26. f4 f5 27. Bf3 fxe4 28. Nxe4 Qf8 29. Re2 Rbe8 30. Rde1 Nf5 31. Qc3 Qh8 32. Qxh8+ Kxh8 33. Kf1 Rf8 34. Nc3 Rxe2 35. Rxe2 Nf6 36. Re6 Kg7 37. Kf2 h5 38. Be4 Nxe4+ 39. Nxe4 Rc8 40. Nc3 Kf7 41. g3 Rc7 42. h3 Rd7 43. Ne4 Nd4 44. Nxd6+ 1/2-1/2

[Event "San Copiapo"]
[Site "San Copiapo"]
[Date "1992.??.??"]
[Round "8"]
[White "Araya, Mario"]
[Black "Arancibia, Eduardo"]
[Result "1-0"]
[WhiteElo "2395"]
[BlackElo "2345"]
[PlyCount "95"]
[EventDate "1992.??.??"]
[Source "www.chesslib.no"]
[SourceDate "2004.05.04"]

1. d4 Nf6 2. c4 c5 3. d5 e6 4. Nc3 exd5 5. cxd5 d6 6. e4 g6 7. Nf3 Bg7 8. Be2 O-O 9. O-O Na6 10. Nd2 Re8 11. f3 Nc7 12. a4 b6 13. Kh1 Nh5 14. Nc4 Ba6 15. g4 Nf6 16. Bg5 Qd7 17. Rg1 Bxc4 18. Bxc4 a6 19. Qd3 h6 20. Bh4 Nh7 21. Bg3 Ng5 22. e5 dxe5 23. d6 Nce6 24. Nd5 Rab8 25. Rge1 b5 26. axb5 axb5 27. Ne7+ Kh8 28. Bxe6 Nxe6 29. Rad1 Nd4 30. Bxe5 Bxe5 31. Rxe5 Qxd6 32. Qe3 Kh7 33. Nxg6 Nf5 34. Rxd6 Nxe3 35. Rxe8 Rxe8 36. Nf4 Ra8 37. Kg1 Ra2 38. Rd7 Rxb2 39. Rxf7+ Kg8 40. Rc7 c4 41. h4 b4 42. g5 hxg5 43. hxg5 b3 44. g6 Rb1+ 45. Kf2 Rg1 46. Kxg1 b2 47. Rb7 c3 48. Ne6 1-0

[Event "Bundesliga 8788"]
[Site "GER"]
[Date "1988.??.??"]
[Round "?"]
[White "Sonntag, Hans-Hubert"]
[Black "Stein, Bernd"]
[Result "1/2-1/2"]
[WhiteElo "2375"]
[BlackElo "2365"]
[PlyCount "112"]
[EventDate "1987.10.??"]
[Source "www.chesslib.no"]
[SourceDate "2004.05.04"]

1. d4 Nf6 2. c4 e6 3. Nc3 c5 4. d5 exd5 5. cxd5 d6 6. e4 g6 7. Be2 Bg7 8. Nf3 O-O 9. O-O Re8 10. Nd2 Na6 11. f3 Nc7 12. a4 b6 13. Nc4 Ba6 14. Bg5 Qd7 15. Re1 Rab8 16. Qc2 Bxc4 17. Bxc4 a6 18. Rad1 b5 19. axb5 Nxb5 20. Bxb5 axb5 21. e5 Rxe5 22. Rxe5 dxe5 23. Bxf6 Bxf6 24. Ne4 Bd8 25. Nxc5 Bb6 26. Kf1 Qc7 27. b4 Qd6 28. Ne4 Qxb4 29. Nf6+ Kg7 30. Nd7 Rb7 31. Nxe5 Rc7 32. Nc6 Qh4 33. g3 Qh3+ 34. Qg2 Qf5 35. Qb2+ f6 36. Kg2 h5 37. Qb1 Rd7 38. Qe4 Bc5 39. Rd3 b4 40. Qxf5 gxf5 41. Kh3 Kg6 42. f4 Kh6 43. Kg2 Kg6 44. Kf3 Rb7 45. Na5 Ra7 46. Nb3 Bb6 47. Ke2 Kf7 48. Rd2 Ra3 49. Rb2 Ra8 50. Nd2 Bc5 51. Kd3 Ke7 52. Nc4 Rd8 53. Na5 Rxd5+ 54. Kc4 Kd6 55. Nb7+ Kc6 56. Na5+ Kd6 1/2-1/2

[Event "FRG Ch qual"]
[Site "Mengen"]
[Date "1990.??.??"]
[Round "1"]
[White "Meister, Peter"]
[Black "Kunze, Markus"]
[Result "0-1"]
[WhiteElo "2420"]
[BlackElo "2315"]
[PlyCount "118"]
[EventDate "1990.??.??"]
[Source "www.chesslib.no"]
[SourceDate "2004.05.04"]

1. d4 Nf6 2. c4 c5 3. d5 e6 4. Nc3 exd5 5. cxd5 d6 6. Nf3 g6 7. Nd2 Bg7 8. e4 O-O 9. Be2 Re8 10. O-O Na6 11. f3 Nc7 12. a4 b6 13. Kh1 Rb8 14. Nc4 Ba6 15. Bg5 Qd7 16. Rb1 Bxc4 17. Bxc4 a6 18. b4 b5 19. axb5 Nxb5 20. Bxb5 axb5 21. Qd3 c4 22. Qe3 Qb7 23. Bh6 Bh8 24. Bf4 Ra8 25. Qc1 Ra6 26. Ra1 Nd7 27. Re1 Rxa1 28. Qxa1 Ne5 29. Bxe5 Bxe5 30. Qc1 Qb6 31. Qd2 Rb8 32. Rd1 Ra8 33. f4 Bxc3 34. Qxc3 Qf2 35. Qg3 Qd4 36. Qe1 Qb2 37. e5 Ra2 38. Qf1 Qe2 39. exd6 Qxf1+ 40. Rxf1 Rd2 41. Kg1 Rxd5 42. Kf2 Rxd6 43. Re1 Kf8 44. Rc1 f5 45. Ra1 Rd3 46. Ke2 Rb3 47. Ra8+ Ke7 48. Ra7+ Kf6 49. Rxh7 Rxb4 50. Rc7 Rb2+ 51. Kf3 Rb3+ 52. Ke2 c3 53. Rc6+ Kf7 54. Rc7+ Ke6 55. Kd3 b4 56. Rc6+ Kd5 57. Rxg6 Rb2 58. Rb6 Rd2+ 59. Ke3 Kc4 0-1

[Event "POR-chT"]
[Site "Lisboa"]
[Date "1998.05.17"]
[Round "7"]
[White "Antunes, Antonio"]
[Black "De Sousa, Jose"]
[Result "1-0"]
[WhiteElo "2495"]
[BlackElo "2230"]
[PlyCount "61"]
[EventDate "1998.??.??"]
[Source "www.chesslib.no"]
[SourceDate "2004.05.04"]

1. d4 Nf6 2. Nf3 e6 3. c4 c5 4. d5 d6 5. Nc3 exd5 6. cxd5 g6 7. Nd2 Bg7 8. e4 O-O 9. Be2 Re8 10. O-O Na6 11. f3 Nc7 12. a4 b6 13. Nc4 Ba6 14. Bg5 h6 15. Bh4 Bxc4 16. Bxc4 a6 17. Kh1 Qd7 18. Qd2 b5 19. Bb3 Kh7 20. Rae1 Rab8 21. e5 Rxe5 22. Rxe5 dxe5 23. Bxf6 Bxf6 24. Ne4 Qd8 25. d6 Na8 26. Bxf7 bxa4 27. Nxc5 e4 28. fxe4 Rxb2 29. Qf4 Nb6 30. Bxg6+ Kxg6 31. Qf5+ 1-0